New Architecture and Configuration of Microelectromechanical Acceleration Measuring Gyro with Intermediate Bodies; Procedia Engineering; Vol. 168 : Eurosensors 2016
| Parent link: | Procedia Engineering Vol. 168 : Eurosensors 2016.— 2016.— [P. 904-907] |
|---|---|
| Yhteisötekijä: | |
| Muut tekijät: | , , , , |
| Yhteenveto: | Title screen The paper presents a new configuration of the gyroscope module comprising two sensors with antiphase primary vibrations and intermediate bodies on the axes of the informative secondary vibrations. This gyroscope module is a microelectromechanical acceleration measuring gyro which provides measurements of both angular velocities and linear accelerations. |
| Kieli: | englanti |
| Julkaistu: |
2016
|
| Aiheet: | |
| Linkit: | https://doi.org/10.1016/j.proeng.2016.11.302 |
| Aineistotyyppi: | MixedMaterials Elektroninen Kirjan osa |
| KOHA link: | https://koha.lib.tpu.ru/cgi-bin/koha/opac-detail.pl?biblionumber=655273 |
MARC
| LEADER | 00000naa0a2200000 4500 | ||
|---|---|---|---|
| 001 | 655273 | ||
| 005 | 20260213153015.0 | ||
| 035 | |a (RuTPU)RU\TPU\network\21234 | ||
| 035 | |a RU\TPU\network\19163 | ||
| 090 | |a 655273 | ||
| 100 | |a 20170817d2016 k||y0rusy50 ba | ||
| 101 | 0 | |a eng | |
| 135 | |a drcn ---uucaa | ||
| 181 | 0 | |a i | |
| 182 | 0 | |a b | |
| 200 | 1 | |a New Architecture and Configuration of Microelectromechanical Acceleration Measuring Gyro with Intermediate Bodies |f E. V. Zorina [et al.] | |
| 203 | |a Text |c electronic | ||
| 300 | |a Title screen | ||
| 320 | |a [References: p. 907 (6 tit.)] | ||
| 330 | |a The paper presents a new configuration of the gyroscope module comprising two sensors with antiphase primary vibrations and intermediate bodies on the axes of the informative secondary vibrations. This gyroscope module is a microelectromechanical acceleration measuring gyro which provides measurements of both angular velocities and linear accelerations. | ||
| 461 | 1 | |t Procedia Engineering | |
| 463 | 1 | |t Vol. 168 : Eurosensors 2016 |o Proceedings of the 30th anniversary Eurosensors Conference, 4-7. Sepember 2016, Budapest, Hungary |v [P. 904-907] |d 2016 | |
| 610 | 1 | |a электронный ресурс | |
| 610 | 1 | |a труды учёных ТПУ | |
| 610 | 1 | |a МЭМС-устройства | |
| 610 | 1 | |a первичные вибрации | |
| 610 | 1 | |a противофазные колебания | |
| 610 | 1 | |a вторичные вибрации | |
| 610 | 1 | |a электроды | |
| 701 | 1 | |a Zorina |b E. V. |g Elena Vasiljevna | |
| 701 | 1 | |a Nesterenko |b T. G. |c specialist in the field of mechanical engineering |c Associate Professor of Tomsk Polytechnic University, Candidate of technical sciences |f 1946- |g Tamara Georgievna |3 (RuTPU)RU\TPU\pers\30970 |9 15208 | |
| 701 | 1 | |a Baranov |b P. F. |c specialist in the field of control and measurement equipment |c Associate Professor of Tomsk Polytechnic University, Candidate of technical sciences |f 1987- |g Pavel Fedorovich |3 (RuTPU)RU\TPU\pers\34618 |9 17980 | |
| 701 | 1 | |a Koleda |b A. N. |c Specialist in the field of instrument making |c Engineer of Tomsk Polytechnic University |f 1985- |g Aleksey Nikolaevich |3 (RuTPU)RU\TPU\pers\33286 |9 17031 | |
| 701 | 1 | |a Barbin |b E. S. |c specialist in the field of instrument engineering |c engineer of Tomsk Polytechnic University |f 1988- |g Evgeny Sergeevich |3 (RuTPU)RU\TPU\pers\36470 | |
| 712 | 0 | 2 | |a Национальный исследовательский Томский политехнический университет |c (2009- ) |9 26305 |
| 801 | 2 | |a RU |b 63413507 |c 20170817 |g RCR | |
| 856 | 4 | |u https://doi.org/10.1016/j.proeng.2016.11.302 | |
| 942 | |c CF | ||